Statistiche per Top 30 Città più popolose Molise

Clicka qui per fare il quiz!

Statistiche generali

  • Questo quiz è stato fatto 17 volte
  • Il punteggio medio è 9 su 30

Statistiche sulle risposte

PopolazioneProvinciaCittà% Corretto
47 190CampobassoCampobasso
100%
20 692IserniaIsernia
100%
32 244CampobassoTermoli
71%
7 370CampobassoBojano
43%
2 831IserniaFrosolone
43%
4 892CampobassoGuglionesi
43%
6 373CampobassoLarino
43%
4 358CampobassoTrivento
43%
10 883IserniaVenafro
43%
4 678IserniaAgnone
36%
7 730CampobassoCampomarino
36%
1 859CampobassoCasacalenda
36%
6 185CampobassoMontenero di Bisaccia
36%
4 838CampobassoRiccia
36%
3 598CampobassoCercemaggiore
29%
3 464CampobassoPetacciato
29%
3 026CampobassoRipalimosani
29%
2 443CampobassoUruri
29%
3 235CampobassoFerrazzano
21%
2 486CampobassoBaranello
14%
2 200IserniaPozzilli
14%
4 505CampobassoSan Martino in Pensilis
14%
2 149IserniaSesto Campano
14%
3 357CampobassoVinchiaturo
14%
2 048CampobassoMirabello Sannitico
7%
2 276IserniaMontaquila
7%
2 061IserniaMonteroduni
7%
3 971CampobassoSanta Croce di Magliano
7%
2 419CampobassoCampodipietra
0%
2 296CampobassoPortocannone
0%

Distribuzione punteggi

Percentile per numero di risposta

Percentuale di utenti per punteggio

I tuoi punteggi nel tempo

Non hai fatto questo quiz